000 00531nam a2200169 4500
999 _c11812
_d11812
008 210112b ||||| |||| 00| 0 eng d
020 _a0-333-60201-3
041 0 _aeng
082 0 0 _a320.05
_bH9451
245 1 0 _aThe Statesman's year-book : statistical and historical annual of the states of the world /
_cedited by Brian Hunter
250 _a131st ed.
260 _aLondon:
_bMacmillan press ltd,
_c1994.
300 _axiix,1709 p.
650 0 _aPolitical Science
700 _91257
_aHunter, Brian
_eeditor
942 _2ddc
_cBK